| 000 | 00811nam a2200277 i 4500 | ||
|---|---|---|---|
| 001 | 12460 | ||
| 003 | ES-MaACL | ||
| 005 | 20230906150321.0 | ||
| 007 | t| | ||
| 008 | 921125s1991 sp ||||0| cat d | ||
| 016 | 7 | _zCEN920143343 | |
| 020 | _a84-7279-473-3 | ||
| 040 |
_aCEN _bspa _cCEN |
||
| 080 | _a342.531(460)"1977/..." | ||
| 100 | 1 |
_aSubirats Piñana, Josep. _9108700 |
|
| 245 | 1 | 3 |
_aLa transició des del Senat / _cJosep Subirats Piñana. |
| 250 | _a[1ª ed. ]. | ||
| 260 |
_aBarcelona : _bEl Llar del Llibre, _c1991. |
||
| 300 |
_a326 p : _bil ; _c20 cm. |
||
| 490 | 1 |
_aPunt de vista ; _v20 |
|
| 500 | _aIndice. | ||
| 610 | 1 |
_aEspaña. _bCortes Generales. _bSenado. _93674 |
|
| 830 | 0 |
_aPunt de vista ; _v20 _9228300 |
|
| 852 |
_aES-MaACL _jL-19806 _bR.123536 |
||
| 999 |
_c12460 _d12460 |
||